000 00616nam a22002297a 4500
003 UA-OsUOA
001 92399
007 ta
008 20121214b un ||||| |||| 00| 0 ukr d
100 _aКравчук В.
090 _a821.161.2
_bК78
942 _cBK
040 _aUA-OsUOA
_bukr
_cUA-OsUOA
_dUA-OsUOA
245 _aПам'ять коренів роду
_bвибрані твори
300 _a237 с.
955 _a3
041 _aukr
080 _a821.161.2
260 _aІзяслав
_c2009
650 7 _a82 Література. Літературознавство
_2UDC
999 _c378632
_d378632